000 01334nam0a22003011 4500
001 rc\3930761
005 20130415112345.6
021 _aRU
_b[51-19344]
035 _a(NLR Aleph) 008032198
090 _a8828202
_c8828202
100 _a20130415d1951 |||y0rusy50 ca
101 0 _arus
102 _aRU
105 _aa z |||||
200 1 _aНовое в петрографии цементного клинкера
_fПод ред. канд. техн. наук С.М. Рояка
_gМ-во пром-сти строит. материалов СССР. Техн. упр. НИИЦемент
210 _aМосква
_cПромстройиздат
_d1951
215 _a36 с.
_cил.
_d21
225 1 _a[Серия брошюр по обмену производственно-техническим опытом]
300 _aПеред загл. авт.: канд. техн. наук О.М. Астреева, инж. Л.Я. Лопатникова
606 _aКлинкер
_xПетрография
_2psbo
700 1 _aАстреева
_bО. М.
_f1904-
_gОльга Михайловна
701 1 _aЛопатникова
_bЛ. Я.
_gЛюдмила Яковлевна
702 1 _aРояк
_bС. М.
_4340
801 0 _aRU
_bNLR
_gpsbo
801 1 _aRU
_bELAR
_2rusmarc
852 _aNLR
_jТ44 Г-4/707
942 _cBOOK
980 _aNB